| 000 | 00764nam a2200205Ii 4500 | ||
|---|---|---|---|
| 003 | JO-AjNU | ||
| 008 | 230605s9999||||xx |||||||||||||| ||und|| | ||
| 017 | _a2008/8/2730 | ||
| 040 |
_aJO-AjNU _bara _erda _cJO-AjNU |
||
| 041 | _aara | ||
| 050 | 1 | 4 | _aDS87.53 2008 |
| 100 | 3 |
_aإعداد وتقديم أبو مطر، أحمد, _eauthor _950267 |
|
| 245 | 0 | 0 | _aحزب الله: حزب الله الوجه الاحر= Hezbollah The other Face |
| 264 | 3 | 1 | _aعمان: دار الكرمل للنشر والتوزيع، 2008 |
| 300 | _a277ص | ||
| 336 |
_atext _btxt _2rdacontent |
||
| 337 |
_aunmediated _bn _2rdamedia |
||
| 338 |
_avolume _bnc _2rdacarrier |
||
| 650 | 4 |
_aحزب الله - لبنان - تاريخ لبنان - الاحزاب السياسية _950268 |
|
| 999 |
_aA22132 _c25700 _d25700 |
||